[Event "Sarajevo"]
[Site "Sarajevo"]
[Date "1982.??.??"]
[Round "?"]
[White "Cekro, Ekrem"]
[Black "Adorjan, Andras"]
[Result "1/2-1/2"]
[WhiteElo "2330"]
[BlackElo "2515"]
[PlyCount "25"]
[EventDate "1982.03.??"]
[EventType "tourn"]
[EventRounds "15"]
[EventCountry "YUG"]
[EventCategory "10"]
[Source "ChessBase"]
[SourceDate "1999.07.01"]
[WhiteTeamCountry "ENG"]
[BlackTeamCountry "HUN"]

1. c4 b6 2. d4 e6 3. Nf3 Nf6 4. Nc3 Bb7 5. g3 Bb4 6. Qb3 c5 7. Bg2 Na6 8. dxc5
Bxc5 9. O-O O-O 10. Bf4 Be7 11. Rad1 Nc5 12. Qc2 a6 13. Rd4 1/2-1/2

[Event "Sarajevo"]
[Site "Sarajevo"]
[Date "1982.??.??"]
[Round "?"]
[White "Dizdarevic, Emir"]
[Black "Adorjan, Andras"]
[Result "1/2-1/2"]
[WhiteElo "2415"]
[BlackElo "2515"]
[PlyCount "113"]
[EventDate "1982.03.??"]
[EventType "tourn"]
[EventRounds "15"]
[EventCountry "YUG"]
[EventCategory "10"]
[Source "ChessBase"]
[SourceDate "1999.07.01"]
[WhiteTeamCountry "ENG"]
[BlackTeamCountry "HUN"]

1. c4 c5 2. Nf3 Nf6 3. Nc3 e6 4. g3 b6 5. Bg2 Bb7 6. d4 cxd4 7. Qxd4 d6 8. O-O
Be7 9. Rd1 a6 10. Ng5 Bxg2 11. Kxg2 Nbd7 12. Nge4 O-O 13. Bg5 Qc7 14. Rac1 h6
15. Nxf6+ Nxf6 16. Bxf6 Bxf6 17. Qxd6 Qxc4 18. b3 Qc8 19. Nd5 Qb7 20. Qxb6 Rfb8
21. Qxb7 Rxb7 22. Nxf6+ gxf6 23. Rd4 a5 24. Rc5 Rb4 25. Rdc4 Kg7 26. g4 Kg6 27.
Kg3 e5 28. h4 h5 29. e4 hxg4 30. Kxg4 Rd8 31. Rxa5 Rxc4 32. bxc4 Rd4 33. h5+
Kg7 34. f3 Rxc4 35. Kf5 Rc3 36. h6+ Kxh6 37. Kxf6 Rxf3+ 38. Kxe5 Kg6 39. a4 f5
40. Ra6+ Kg5 41. Ra8 fxe4 42. Kxe4 Rf4+ 43. Ke5 Rf5+ 44. Ke6 Rf6+ 45. Ke7 Kg6
46. a5 Rf7+ 47. Ke6 Rf6+ 48. Ke5 Rf5+ 49. Ke4 Rb5 50. a6 Kg7 51. Ra7+ Kg6 52.
Rb7 Ra5 53. Ra7 Rb5 54. Kd4 Rb6 55. Ra8 Kg7 56. Ke5 Kh7 57. Kd5 1/2-1/2

[Event "Sarajevo"]
[Site "Sarajevo"]
[Date "1982.??.??"]
[Round "?"]
[White "Makarychev, Sergey"]
[Black "Adorjan, Andras"]
[Result "1/2-1/2"]
[WhiteElo "2505"]
[BlackElo "2515"]
[PlyCount "35"]
[EventDate "1982.03.??"]
[EventType "tourn"]
[EventRounds "15"]
[EventCountry "YUG"]
[EventCategory "10"]
[Source "ChessBase"]
[SourceDate "1999.07.01"]
[WhiteTeamCountry "ENG"]
[BlackTeamCountry "HUN"]

1. e4 c6 2. c4 d5 3. cxd5 cxd5 4. exd5 Nf6 5. Nc3 Nxd5 6. Nf3 Nc6 7. Bc4 Nb6 8.
Bb3 Bf5 9. d4 e6 10. O-O Be7 11. d5 exd5 12. Nxd5 Nxd5 13. Bxd5 O-O 14. Bf4 Qb6
15. Bxc6 Qxc6 16. Nd4 Qe4 17. Nxf5 Qxf5 18. Be3 1/2-1/2

[Event "Sarajevo"]
[Site "Sarajevo"]
[Date "1982.??.??"]
[Round "?"]
[White "Marjanovic, Slavoljub"]
[Black "Adorjan, Andras"]
[Result "1/2-1/2"]
[WhiteElo "2515"]
[BlackElo "2515"]
[PlyCount "71"]
[EventDate "1982.03.??"]
[EventType "tourn"]
[EventRounds "15"]
[EventCountry "YUG"]
[EventCategory "10"]
[Source "ChessBase"]
[SourceDate "1999.07.01"]
[WhiteTeamCountry "ENG"]
[BlackTeamCountry "HUN"]

1. e4 c6 2. d4 d5 3. Nd2 dxe4 4. Nxe4 Nd7 5. Bc4 Ngf6 6. Ng5 e6 7. Qe2 Nb6 8.
Bd3 h6 9. N5f3 c5 10. dxc5 Bxc5 11. Ne5 Nbd7 12. Ngf3 O-O 13. O-O b6 14. Rd1
Nxe5 15. Nxe5 Qe7 16. Bf4 Bb7 17. c3 Rfd8 18. Bg3 Rac8 19. Kf1 Nd5 20. Ba6 Bd6
21. Bxb7 Qxb7 22. c4 Bxe5 23. Bxe5 Ne7 24. Bc3 Rxd1+ 25. Rxd1 Qc7 26. g3 Qxc4
27. Rd8+ Kh7 28. Rd7 Nd5 29. Rxf7 Nxc3 30. bxc3 a5 31. Qxc4 Rxc4 32. Rb7 Rxc3
33. Rxb6 Rc2 34. Rxe6 Rxa2 35. Ra6 a4 36. h4 1/2-1/2

[Event "Sarajevo"]
[Site "Sarajevo"]
[Date "1982.??.??"]
[Round "?"]
[White "Popovic, Petar"]
[Black "Adorjan, Andras"]
[Result "1/2-1/2"]
[WhiteElo "2495"]
[BlackElo "2515"]
[PlyCount "24"]
[EventDate "1982.03.??"]
[EventType "tourn"]
[EventRounds "15"]
[EventCountry "YUG"]
[EventCategory "10"]
[Source "ChessBase"]
[SourceDate "1999.07.01"]
[WhiteTeamCountry "ENG"]
[BlackTeamCountry "HUN"]

1. e4 c6 2. d4 d5 3. Nd2 dxe4 4. Nxe4 Nd7 5. Nf3 Ngf6 6. Nxf6+ Nxf6 7. Ne5 Nd7
8. Nxd7 Bxd7 9. Be2 Bf5 10. O-O e6 11. c3 Be7 12. Be3 O-O 1/2-1/2

[Event "Sarajevo"]
[Site "Sarajevo"]
[Date "1982.??.??"]
[Round "?"]
[White "Uhlmann, Wolfgang"]
[Black "Adorjan, Andras"]
[Result "1/2-1/2"]
[WhiteElo "2515"]
[BlackElo "2515"]
[PlyCount "89"]
[EventDate "1982.03.??"]
[EventType "tourn"]
[EventRounds "15"]
[EventCountry "YUG"]
[EventCategory "10"]
[Source "ChessBase"]
[SourceDate "1999.07.01"]
[WhiteTeamCountry "ENG"]
[BlackTeamCountry "HUN"]

1. c4 c5 2. Nf3 Nf6 3. Nc3 b6 4. e4 Bb7 5. e5 Ng4 6. h3 Nh6 7. Bd3 Bxf3 8. Qxf3
Nc6 9. e6 g6 10. Be4 Rc8 11. exf7+ Nxf7 12. d3 Nd4 13. Qd1 Bg7 14. h4 e6 15. h5
g5 16. Be3 O-O 17. h6 Be5 18. Qd2 b5 19. Bxd4 cxd4 20. Nxb5 d5 21. cxd5 exd5
22. Bf5 Bf4 23. Qb4 Qe8+ 24. Kf1 Rb8 25. a4 a6 26. Qxd4 Be5 27. Qxd5 axb5 28.
Re1 bxa4 29. Rh3 Rd8 30. Qb7 Rb8 31. Qd5 Rb5 32. Qc4 Kh8 33. d4 Nd6 34. Qc7
Nxf5 35. Rxe5 Rxe5 36. dxe5 g4 37. Rc3 g3 38. Rf3 Qg6 39. Rxf5 Rxf5 40. Qc8+
Qg8 41. Qxf5 Qc4+ 42. Ke1 Qc1+ 43. Ke2 Qxb2+ 44. Kd1 Qd4+ 45. Kc1 1/2-1/2

[Event "WLS-HUN"]
[Site "Cardiff"]
[Date "1982.05.02"]
[Round "1.4"]
[White "Jones, Iolo Cerredig"]
[Black "Adorjan, Andras"]
[Result "0-1"]
[WhiteElo "2245"]
[BlackElo "2515"]
[PlyCount "77"]
[EventDate "1982.05.02"]
[EventType "match ()"]
[EventRounds "2"]
[EventCountry "WLS"]
[Source "ChessBase"]
[SourceDate "2012.11.22"]
[WhiteTeamCountry "ENG"]
[BlackTeamCountry "HUN"]

1. c4 c5 2. Nf3 Nf6 3. g3 b6 4. Bg2 Bb7 5. O-O e6 6. Nc3 Be7 7. d4 cxd4 8. Nxd4
Bxg2 9. Kxg2 a6 10. Qd3 O-O 11. Qf3 Ra7 12. Bf4 d6 13. Be3 Rc7 14. Nxe6 fxe6
15. Bxb6 Nbd7 16. Bxc7 Qxc7 17. Qe3 Qxc4 18. b3 Qc6+ 19. Kg1 d5 20. Na4 Ba3 21.
h3 Ne4 22. Kh2 Qc7 23. Rab1 Ndc5 24. Nc3 d4 25. Qxd4 Rxf2+ 26. Qxf2 Nxf2 27.
Rxf2 Nd3 28. exd3 Qxc3 29. Rd1 Bd6 30. Re2 Qf6 31. Rg1 Qf3 32. Reg2 h5 33. h4
Qg4 34. Kh1 Bc5 35. Rc1 Qh3+ 36. Rh2 Qxg3 37. Rxc5 Qe1+ 38. Kg2 Qe2+ 39. Kh3
0-1

[Event "Budapest Elekes Memorial"]
[Site "Budapest"]
[Date "1982.??.??"]
[Round "5"]
[White "Adorjan, Andras"]
[Black "Frey Beckman, Kenneth"]
[Result "1-0"]
[WhiteElo "2515"]
[BlackElo "2480"]
[PlyCount "67"]
[EventDate "1982.06.??"]
[EventType "tourn"]
[EventRounds "11"]
[EventCountry "HUN"]
[EventCategory "8"]
[Source "ChessBase"]
[SourceDate "1999.07.01"]
[WhiteTeamCountry "ENG"]
[BlackTeamCountry "HUN"]

1. c4 e6 2. Nc3 d5 3. d4 c5 4. cxd5 exd5 5. Nf3 Nc6 6. g3 Nf6 7. Bg2 Be7 8. O-O
O-O 9. Bg5 cxd4 10. Nxd4 h6 11. Be3 Re8 12. Qa4 Bd7 13. Rad1 Nb4 14. Qb3 a5 15.
a4 Bf8 16. Nc2 Bc6 17. Bd4 Qe7 18. Ne3 Ne4 19. Nexd5 Nxd5 20. Nxe4 Nf4 21. gxf4
Bxe4 22. e3 Bxg2 23. Kxg2 Ra6 24. Kh1 Rg6 25. Qd5 Qh4 26. Qf3 Rc8 27. Bc3 Rc5
28. Rg1 Rh5 29. Rg2 b6 30. Rd4 Rxg2 31. Qxg2 Kh7 32. Rd7 Rf5 33. h3 g6 34. Qg3
1-0

[Event "Budapest Elekes Memorial"]
[Site "Budapest"]
[Date "1982.??.??"]
[Round "6"]
[White "Adorjan, Andras"]
[Black "Glatt, Gabor"]
[Result "1-0"]
[WhiteElo "2515"]
[BlackElo "2375"]
[PlyCount "47"]
[EventDate "1982.06.??"]
[EventType "tourn"]
[EventRounds "11"]
[EventCountry "HUN"]
[EventCategory "8"]
[Source "ChessBase"]
[SourceDate "1999.07.01"]
[WhiteTeamCountry "ENG"]
[BlackTeamCountry "HUN"]

1. c4 e5 2. Nc3 Nf6 3. Nf3 Nc6 4. g3 Bb4 5. Nd5 Bd6 6. Bg2 Nxd5 7. cxd5 Ne7 8.
e4 c6 9. O-O cxd5 10. d4 dxe4 11. Nxe5 Qc7 12. Bf4 f6 13. Rc1 Qb8 14. Bxe4 fxe5
15. dxe5 Bc7 16. Qh5+ g6 17. Qh6 Bxe5 18. Rxc8+ Nxc8 19. Bxg6+ hxg6 20. Qxg6+
Kd8 21. Qg5+ Ne7 22. Bxe5 Rg8 23. Qf4 Qc8 24. Rc1 1-0

[Event "Budapest Elekes Memorial"]
[Site "Budapest"]
[Date "1982.??.??"]
[Round "8"]
[White "Adorjan, Andras"]
[Black "Zsinka, Laszlo"]
[Result "1-0"]
[WhiteElo "2515"]
[BlackElo "2335"]
[PlyCount "22"]
[EventDate "1982.06.??"]
[EventType "tourn"]
[EventRounds "11"]
[EventCountry "HUN"]
[EventCategory "8"]
[Source "ChessBase"]
[SourceDate "1999.07.01"]
[WhiteTeamCountry "ENG"]
[BlackTeamCountry "HUN"]

1. c4 c5 2. Nf3 Nf6 3. Nc3 e6 4. d4 cxd4 5. Nxd4 b6 6. Ndb5 d6 7. Bf4 e5 8. Bg5
Be7 9. Bxf6 gxf6 10. Qd5 Nc6 11. Qxc6+ Bd7 1-0

[Event "Budapest Elekes Memorial"]
[Site "Budapest"]
[Date "1982.??.??"]
[Round "9"]
[White "Marosi, Gyorgy"]
[Black "Adorjan, Andras"]
[Result "1/2-1/2"]
[WhiteElo "2375"]
[BlackElo "2515"]
[PlyCount "53"]
[EventDate "1982.06.??"]
[EventType "tourn"]
[EventRounds "11"]
[EventCountry "HUN"]
[EventCategory "8"]
[Source "ChessBase"]
[SourceDate "1999.07.01"]
[WhiteTeamCountry "ENG"]
[BlackTeamCountry "HUN"]

1. Nf3 Nf6 2. c4 g6 3. g3 Bg7 4. Bg2 O-O 5. d4 Nc6 6. O-O d6 7. Nc3 a6 8. d5
Na5 9. Nd2 c5 10. Qc2 Rb8 11. b3 b5 12. Bb2 Bh6 13. f4 bxc4 14. bxc4 e5 15.
dxe6 Bxe6 16. Nd5 Rxb2 17. Qxb2 Bg7 18. Qc1 Ng4 19. h3 Bd4+ 20. Kh1 Ne3 21.
Nxe3 Bxe3 22. Qc2 Re8 23. Rad1 Bf5 24. Qa4 Bd7 25. Qc2 Bf5 26. Qa4 Bd7 27. Qc2
1/2-1/2

[Event "Budapest Elekes Memorial"]
[Site "Budapest"]
[Date "1982.??.??"]
[Round "10"]
[White "Adorjan, Andras"]
[Black "Petran, Pal"]
[Result "1/2-1/2"]
[WhiteElo "2515"]
[BlackElo "2410"]
[PlyCount "44"]
[EventDate "1982.06.??"]
[EventType "tourn"]
[EventRounds "11"]
[EventCountry "HUN"]
[EventCategory "8"]
[Source "ChessBase"]
[SourceDate "1999.07.01"]
[WhiteTeamCountry "ENG"]
[BlackTeamCountry "HUN"]

1. c4 g6 2. e4 Bg7 3. d4 d6 4. Nc3 Nf6 5. Nf3 O-O 6. Be2 e5 7. dxe5 dxe5 8.
Qxd8 Rxd8 9. Bg5 Re8 10. Nd5 Nxd5 11. cxd5 c6 12. Bc4 cxd5 13. Bxd5 Na6 14. Rc1
Nb4 15. Bc4 Be6 16. Bxe6 Rxe6 17. Rc7 Na6 18. Rc4 Rb6 19. b3 Rb4 20. Nd2 Rxc4
21. Nxc4 Nb4 22. Bd2 Nc2+ 1/2-1/2

[Event "Budapest Elekes Memorial"]
[Site "Budapest"]
[Date "1982.??.??"]
[Round "11"]
[White "Rajna, George"]
[Black "Adorjan, Andras"]
[Result "0-1"]
[WhiteElo "2390"]
[BlackElo "2515"]
[PlyCount "60"]
[EventDate "1982.06.??"]
[EventType "tourn"]
[EventRounds "11"]
[EventCountry "HUN"]
[EventCategory "8"]
[Source "ChessBase"]
[SourceDate "1999.07.01"]
[WhiteTeamCountry "ENG"]
[BlackTeamCountry "HUN"]

1. e4 c5 2. Nf3 e6 3. d4 cxd4 4. Nxd4 Nf6 5. Nc3 d6 6. Bg5 Be7 7. Qd2 a6 8. f3
b5 9. Be3 Bb7 10. g4 Nc6 11. O-O-O Rc8 12. h4 Nd7 13. g5 Nc5 14. Rg1 Ne5 15.
Kb1 b4 16. Nce2 Nc4 17. Qc1 e5 18. Nf5 Na4 19. g6 fxg6 20. Nxg7+ Kf7 21. Bh6
Rg8 22. Ng3 Ncxb2 23. Bh3 Rxg7 24. Bxg7 Nc3+ 25. Ka1 Nbxd1 26. Bxe5 dxe5 27.
Qh6 Qg8 28. Nf5 Rc5 29. Nd4 exd4 30. Qf4+ Kg7 0-1

[Event "Lugano op"]
[Site "Lugano"]
[Date "1983.??.??"]
[Round "?"]
[White "Todorcevic, Miodrag"]
[Black "Adorjan, Andras"]
[Result "0-1"]
[WhiteElo "2420"]
[BlackElo "2530"]
[PlyCount "82"]
[EventDate "1983.03.??"]
[EventType "swiss"]
[EventRounds "9"]
[EventCountry "SUI"]
[Source "ChessBase"]
[SourceDate "1999.11.16"]
[WhiteTeamCountry "ENG"]
[BlackTeamCountry "HUN"]

1. e4 c5 2. Nc3 Nc6 3. g3 g6 4. Bg2 Bg7 5. d3 d6 6. f4 e6 7. Nf3 Nge7 8. O-O
O-O 9. Be3 Nd4 10. Bf2 Nec6 11. Nd2 Rb8 12. Ncb1 b6 13. c3 Nb5 14. a4 Nc7 15.
Na3 Qd7 16. Nc2 Ba6 17. Nf3 f5 18. Re1 e5 19. exf5 Qxf5 20. Ne3 Qd7 21. Ng5
exf4 22. gxf4 d5 23. Bg3 Rbe8 24. f5 d4 25. Qb3+ Kh8 26. fxg6 hxg6 27. Bh3 Qe7
28. Nd5 Qxg5 29. Nxc7 Re3 30. Bg2 Rxg3 31. hxg3 Qxg3 32. Qe6 Be5 33. Rxe5 Nxe5
34. Qh3+ Qxh3 35. Bxh3 Bxd3 36. cxd4 Nf3+ 37. Kg2 Nxd4 38. Bg4 Rf7 39. Ne8 Re7
40. Nd6 Kg7 41. a5 Nc2 0-1

[Event "Lugano op"]
[Site "Lugano"]
[Date "1983.??.??"]
[Round "6"]
[White "Adorjan, Andras"]
[Black "Danner, Georg"]
[Result "0-1"]
[WhiteElo "2530"]
[BlackElo "2420"]
[PlyCount "80"]
[EventDate "1983.03.??"]
[EventType "swiss"]
[EventRounds "9"]
[EventCountry "SUI"]
[Source "ChessBase"]
[SourceDate "1999.11.16"]
[WhiteTeamCountry "ENG"]
[BlackTeamCountry "HUN"]

1. c4 c5 2. Nf3 Nc6 3. d4 cxd4 4. Nxd4 Nf6 5. Nc3 e6 6. g3 Qb6 7. Nb3 d5 8.
cxd5 Nxd5 9. Nxd5 exd5 10. Bg2 Bb4+ 11. Bd2 Bg4 12. O-O Rd8 13. h3 Bh5 14. Be3
d4 15. Bxc6+ bxc6 16. Bxd4 c5 17. Nxc5 Bxc5 18. Qa4+ Kf8 19. Bxc5+ Qxc5 20.
Rac1 Qe7 21. Qa5 g5 22. Rc7 Qf6 23. Qc5+ Qd6 24. Qxa7 Kg7 25. Qa5 h6 26. Qc3+
Qd4 27. g4 Qxc3 28. Rxc3 Bg6 29. e3 Rd2 30. f4 Rb8 31. f5 Rbxb2 32. Rf3 Rg2+
33. Kf1 Rh2 34. Kg1 Rbg2+ 35. Kf1 Rxa2 36. Kg1 Rhg2+ 37. Kf1 Rh2 38. Kg1 Rag2+
39. Kf1 Rb2 40. Kg1 Rhg2+ 0-1

[Event "Sarajevo"]
[Site "Sarajevo"]
[Date "1983.??.??"]
[Round "?"]
[White "Adorjan, Andras"]
[Black "Dizdar, Goran"]
[Result "1/2-1/2"]
[WhiteElo "2530"]
[BlackElo "2455"]
[PlyCount "31"]
[EventDate "1983.03.??"]
[EventType "tourn"]
[EventRounds "15"]
[EventCountry "YUG"]
[EventCategory "9"]
[Source "ChessBase"]
[SourceDate "1999.07.01"]
[WhiteTeamCountry "ENG"]
[BlackTeamCountry "HUN"]

1. c4 e6 2. Nc3 d5 3. d4 Nf6 4. Nf3 Bb4 5. cxd5 exd5 6. Bg5 c5 7. e3 O-O 8. Be2
h6 9. Bh4 c4 10. O-O g5 11. Bg3 Bxc3 12. bxc3 Ne4 13. Rc1 Nc6 14. Ne5 Qe7 15.
Bf3 Bf5 16. Bxe4 1/2-1/2

[Event "Sarajevo"]
[Site "Sarajevo"]
[Date "1983.??.??"]
[Round "?"]
[White "Adorjan, Andras"]
[Black "Kelecevic, Nedeljko"]
[Result "1-0"]
[WhiteElo "2530"]
[BlackElo "2395"]
[PlyCount "87"]
[EventDate "1983.03.??"]
[EventType "tourn"]
[EventRounds "15"]
[EventCountry "YUG"]
[EventCategory "9"]
[Source "ChessBase"]
[SourceDate "1999.07.01"]
[WhiteTeamCountry "ENG"]
[BlackTeamCountry "HUN"]

1. c4 e6 2. Nc3 d5 3. d4 Nf6 4. Nf3 Nbd7 5. cxd5 exd5 6. Bf4 Bb4 7. e3 c5 8.
Bd3 O-O 9. O-O c4 10. Bc2 Bxc3 11. bxc3 Re8 12. Nd2 Qa5 13. Qc1 Nb6 14. Be5
Nbd7 15. Bd6 Qa6 16. Bb4 Qc6 17. a4 a5 18. Ba3 Qc7 19. Re1 Nf8 20. f3 Nh5 21.
e4 Be6 22. exd5 Bxd5 23. Ne4 h6 24. Nd6 Re6 25. Rxe6 Nxe6 26. Qe3 Rd8 27. Qe5
Nf6 28. Nf5 Qxe5 29. dxe5 Ne8 30. Rd1 Kh8 31. Ne7 Bc6 32. Nxc6 bxc6 33. Rxd8
Nxd8 34. Bc5 f6 35. Bb6 Ne6 36. Bf5 N8c7 37. exf6 gxf6 38. Bxa5 Kg7 39. Bb6 Kf7
40. a5 Nd5 41. Be4 Nxb6 42. axb6 Nd8 43. Kf2 Ke6 44. Ke3 1-0

[Event "Sarajevo"]
[Site "Sarajevo"]
[Date "1983.??.??"]
[Round "?"]
[White "Adorjan, Andras"]
[Black "Osmanovic, Kemal"]
[Result "1-0"]
[WhiteElo "2530"]
[BlackElo "2375"]
[PlyCount "81"]
[EventDate "1983.03.??"]
[EventType "tourn"]
[EventRounds "15"]
[EventCountry "YUG"]
[EventCategory "9"]
[Source "ChessBase"]
[SourceDate "1999.07.01"]
[WhiteTeamCountry "ENG"]
[BlackTeamCountry "HUN"]

1. c4 Nf6 2. Nc3 c6 3. d4 d5 4. Nf3 dxc4 5. a4 Bf5 6. Ne5 Nbd7 7. Nxc4 Qc7 8.
g3 e5 9. dxe5 Nxe5 10. Bf4 Rd8 11. Qc1 Bd6 12. Nxd6+ Qxd6 13. Bg2 O-O 14. a5
Qe6 15. O-O Ng6 16. Bg5 h6 17. Bxf6 Qxf6 18. Qe3 a6 19. Qb6 Qe7 20. f4 Bc2 21.
Rf2 Rd2 22. e4 Qd8 23. Qe3 Rd3 24. Qc5 Rd2 25. f5 Nh8 26. Qe3 Rd3 27. Qe2 Bb3
28. Bf1 Rd4 29. Qe3 Re8 30. Ra3 Bd1 31. e5 Kh7 32. h3 f6 33. e6 Nf7 34. Rf4 Ne5
35. Rxd4 Qxd4 36. Qxd4 Nf3+ 37. Kf2 Nxd4 38. Nxd1 Nxf5 39. Ne3 g6 40. Nxf5 gxf5
41. Rb3 1-0

[Event "Sarajevo"]
[Site "Sarajevo"]
[Date "1983.??.??"]
[Round "?"]
[White "Adorjan, Andras"]
[Black "Uhlmann, Wolfgang"]
[Result "1/2-1/2"]
[WhiteElo "2530"]
[BlackElo "2505"]
[PlyCount "39"]
[EventDate "1983.03.??"]
[EventType "tourn"]
[EventRounds "15"]
[EventCountry "YUG"]
[EventCategory "9"]
[Source "ChessBase"]
[SourceDate "1999.07.01"]
[WhiteTeamCountry "ENG"]
[BlackTeamCountry "HUN"]

1. e4 e6 2. d4 d5 3. Nd2 c5 4. exd5 exd5 5. Ngf3 Nc6 6. Bb5 Bd6 7. dxc5 Bxc5 8.
O-O Nge7 9. Nb3 Bd6 10. Bg5 O-O 11. Re1 a6 12. Be2 Bf5 13. Nfd4 Bg6 14. Bd3 Qc7
15. h3 Nxd4 16. Nxd4 Nc6 17. Bxg6 hxg6 18. c3 Rfe8 19. Rxe8+ Rxe8 20. Qd2
1/2-1/2

[Event "Sarajevo"]
[Site "Sarajevo"]
[Date "1983.??.??"]
[Round "?"]
[White "Bistric, Faruk"]
[Black "Adorjan, Andras"]
[Result "0-1"]
[WhiteElo "2325"]
[BlackElo "2530"]
[PlyCount "62"]
[EventDate "1983.03.??"]
[EventType "tourn"]
[EventRounds "15"]
[EventCountry "YUG"]
[EventCategory "9"]
[Source "ChessBase"]
[SourceDate "1999.07.01"]
[WhiteTeamCountry "ENG"]
[BlackTeamCountry "HUN"]

1. d4 Nf6 2. Nf3 e6 3. Bf4 c5 4. e3 Qb6 5. Qc1 Nh5 6. Bg5 h6 7. Bh4 g5 8. Bg3
Nxg3 9. hxg3 cxd4 10. Nxd4 Bg7 11. c3 Nc6 12. Nd2 d5 13. Bd3 Bd7 14. Rb1 Rc8
15. Qd1 O-O 16. Qh5 f5 17. Nxc6 bxc6 18. g4 Qd8 19. gxf5 exf5 20. O-O Qf6 21.
Nb3 Rce8 22. Rfe1 Re5 23. c4 Be6 24. Rbc1 f4 25. e4 g4 26. Qxe5 Qxe5 27. exd5
Qh5 28. dxe6 g3 29. Be4 Qh2+ 30. Kf1 f3 31. Bxf3 Rxf3 0-1

[Event "Sarajevo"]
[Site "Sarajevo"]
[Date "1983.??.??"]
[Round "?"]
[White "Lputian, Smbat"]
[Black "Adorjan, Andras"]
[Result "1-0"]
[WhiteElo "2495"]
[BlackElo "2530"]
[PlyCount "115"]
[EventDate "1983.03.??"]
[EventType "tourn"]
[EventRounds "15"]
[EventCountry "YUG"]
[EventCategory "9"]
[Source "ChessBase"]
[SourceDate "1999.07.01"]
[WhiteTeamCountry "ENG"]
[BlackTeamCountry "HUN"]

1. d4 Nf6 2. Nf3 e6 3. c4 b6 4. Bf4 Bb7 5. e3 Be7 6. h3 c5 7. dxc5 Bxf3 8. Qxf3
Nc6 9. Nc3 bxc5 10. Bd3 Qb6 11. b3 O-O 12. Rc1 d6 13. O-O Nd7 14. Bb1 Nde5 15.
Qh5 g6 16. Qe2 f5 17. Rfd1 Rad8 18. Rd2 a6 19. Bh2 Bf6 20. Rcd1 Qa5 21. Na4 Qc7
22. Kh1 Qe7 23. Nb2 Nb4 24. Rf1 Bg7 25. Qd1 Nf7 26. Nd3 a5 27. Nb2 Be5 28. Na4
Bxh2 29. Kxh2 Ng5 30. Nc3 f4 31. exf4 Rxf4 32. Nb5 Nf7 33. g3 Rf6 34. a3 Nc6
35. Be4 Na7 36. Nc3 Ne5 37. Bg2 Nec6 38. Ne4 Rff8 39. Nxd6 Nd4 40. Nb7 Rd7 41.
Nxa5 Qd8 42. Rxd4 Rxd4 43. Qe1 Rd2 44. Qxe6+ Rf7 45. Nb7 Qd4 46. b4 cxb4 47.
axb4 Kg7 48. Nc5 Rfxf2 49. Rxf2 Qxf2 50. Qe7+ Kh6 51. Qh4+ Kg7 52. Ne6+ Kg8 53.
Qe4 Nc8 54. Qa8 Kf7 55. Ng5+ Kg7 56. Qb7+ Kh6 57. Nf7+ Kg7 58. Ne5+ 1-0

[Event "Sarajevo"]
[Site "Sarajevo"]
[Date "1983.??.??"]
[Round "?"]
[White "Smejkal, Jan"]
[Black "Adorjan, Andras"]
[Result "1-0"]
[WhiteElo "2560"]
[BlackElo "2530"]
[PlyCount "71"]
[EventDate "1983.03.??"]
[EventType "tourn"]
[EventRounds "15"]
[EventCountry "YUG"]
[EventCategory "9"]
[Source "ChessBase"]
[SourceDate "1999.07.01"]
[WhiteTeamCountry "ENG"]
[BlackTeamCountry "HUN"]

1. c4 c5 2. Nf3 Nf6 3. Nc3 b6 4. e4 Nc6 5. d4 cxd4 6. Nxd4 Bb7 7. Be2 Qb8 8.
Nc2 e6 9. Be3 Be7 10. Qd2 O-O 11. O-O Rd8 12. Rfd1 Ne5 13. f4 Ng6 14. e5 Ne4
15. Nxe4 Bxe4 16. Bd3 Bb7 17. Nd4 d6 18. exd6 Bxd6 19. Bxg6 hxg6 20. Qf2 Be7
21. Nf3 Qc7 22. b3 Bf6 23. Rac1 Qc6 24. Re1 Qd6 25. Re2 Qb4 26. Rf1 Be4 27. Bd2
Rxd2 28. Rxd2 Rc8 29. Rfd1 Be7 30. Kh1 f6 31. Qe2 f5 32. Rd7 a5 33. Nd2 Bc2 34.
Qxe6+ Kh7 35. Rc1 Rc7 36. Rxc2 1-0

[Event "Banja Luka"]
[Site "Banja Luka"]
[Date "1983.??.??"]
[Round "2"]
[White "Hulak, Krunoslav"]
[Black "Adorjan, Andras"]
[Result "0-1"]
[WhiteElo "2515"]
[BlackElo "2530"]
[PlyCount "106"]
[EventDate "1983.04.??"]
[EventType "tourn"]
[EventRounds "13"]
[EventCountry "YUG"]
[EventCategory "9"]
[Source "ChessBase"]
[SourceDate "1999.07.01"]
[WhiteTeamCountry "ENG"]
[BlackTeamCountry "HUN"]

1. e4 c5 2. c3 d5 3. exd5 Qxd5 4. d4 e6 5. Nf3 Nf6 6. Be2 Be7 7. O-O O-O 8. Be3
Ng4 9. Bf4 Rd8 10. Qc2 Nc6 11. Rd1 cxd4 12. cxd4 Nb4 13. Qd2 Qf5 14. Nc3 Bd7
15. a3 Nd5 16. Bg3 Nxc3 17. bxc3 Ba4 18. Rdb1 Bc6 19. Nh4 Qh5 20. h3 Bxh4 21.
hxg4 Qg5 22. f4 Qe7 23. Bxh4 Qxh4 24. Qe3 h6 25. Re1 Rac8 26. Rac1 Rd7 27. f5
Re7 28. fxe6 Rxe6 29. Qf2 Qg5 30. c4 Rce8 31. Bf1 Qxg4 32. d5 Rxe1 33. Rxe1
Rxe1 34. Qxe1 Qd4+ 35. Qf2 Qxf2+ 36. Kxf2 Ba4 37. c5 Kf8 38. Bc4 f6 39. Ke3 Ke7
40. Kd4 b6 41. Bd3 h5 42. d6+ Kd8 43. cxb6 axb6 44. Kd5 h4 45. Be2 Bd7 46. Bf3
g5 47. Kd4 g4 48. Bd5 Bb5 49. Be6 g3 50. Ke3 Bc6 51. Bh3 Bd7 52. Bxd7 Kxd7 53.
Kf3 f5 0-1

[Event "Banja Luka"]
[Site "Banja Luka"]
[Date "1983.??.??"]
[Round "5"]
[White "Adorjan, Andras"]
[Black "Sznapik, Aleksander"]
[Result "1-0"]
[WhiteElo "2530"]
[BlackElo "2460"]
[PlyCount "87"]
[EventDate "1983.04.??"]
[EventType "tourn"]
[EventRounds "13"]
[EventCountry "YUG"]
[EventCategory "9"]
[Source "ChessBase"]
[SourceDate "1999.07.01"]
[WhiteTeamCountry "ENG"]
[BlackTeamCountry "HUN"]

1. c4 g6 2. e4 Bg7 3. d4 d6 4. Nc3 Nf6 5. f3 O-O 6. Bg5 c5 7. d5 Qa5 8. a4 a6
9. Nge2 e6 10. Ng3 exd5 11. cxd5 Re8 12. Be2 h5 13. O-O Nh7 14. Be3 Bxc3 15.
bxc3 Qxc3 16. Qc1 Qxc1 17. Rfxc1 Nd7 18. Bf4 Ne5 19. Rcb1 f6 20. Rb6 Rd8 21.
Bxe5 fxe5 22. Nf1 Kf8 23. Ne3 Ke7 24. Nc4 Nf6 25. h4 Ra7 26. Rab1 Ne8 27. Bd3
Nc7 28. Na5 Na8 29. R6b2 Rd7 30. f4 exf4 31. Rf1 Rd8 32. Rxf4 Bd7 33. Rbf2 Be8
34. Rf8 Kd7 35. Nc4 Kc7 36. e5 dxe5 37. d6+ Kc8 38. Nxe5 b5 39. axb5 axb5 40.
Bxb5 Bxb5 41. Rxd8+ Kxd8 42. Rf8+ Be8 43. Nc6+ Kd7 44. Nxa7 1-0